| 000 | 01332nam a22003497a 4500 | ||
|---|---|---|---|
| 003 | CHAP | ||
| 005 | 20220817042514.0 | ||
| 008 | 971013s1978 r 00010 d | ||
| 010 | _a46654 | ||
| 011 | _a47626 | ||
| 035 | _a51769 | ||
| 040 | _cCHAP | ||
| 090 | _aTesis | ||
| 100 | 0 | 0 |
_aTijerina Cantú, José Socorro. _9113282 |
| 245 | _aDeterminación de la dosis óptima económica de fertilización en el cultivo de la caña de azúcar, en el Ingenio Rosales, sindicatura de Costa Rica, municipio de Culiacán, estado de Sinaloa | ||
| 260 |
_aMonterrey, N.L. : _bEl autor, _c1978 |
||
| 300 |
_a61 h. _b: gráfs. |
||
| 502 | _aTesis (Ing. Agrónomo) -- Univ. Autónoma de Nuevo León. Fac. de Agronomía | ||
| 590 |
_aALEPH _b10 _c20130110 _lUCH01 _h1316 |
||
| 590 |
_aBATCH-UPD _b10 _c20130110 _lUCH01 _h0228 |
||
| 590 |
_aBATCH-UPD _b10 _c20130110 _lUCH01 _h2249 |
||
| 590 |
_aBATCH-UPD _b10 _c20130409 _lUCH01 _h2251 |
||
| 590 |
_aBATCH-UPD _b10 _c20130410 _lUCH01 _h1543 |
||
| 590 |
_aBATCH-UPD _b10 _c20130914 _lUCH01 _h0836 |
||
| 590 |
_aCONVERSION _b10 _c20130109 _lUCH01 _h1325 |
||
| 650 | 1 | 4 |
_aCaña de azúcar _xSinaloa. _918647 |
| 650 | 1 | 4 |
_aFertilizantes _xAspectos económicos. _940451 |
| 650 | 1 | 4 |
_aFertilizantes _xEfecto en caña de azúcar. |
| 901 | _aBK | ||
| 942 | _cTESIS | ||
| 949 |
_bBC _cTES _d-115677 _eTS1 _i51769 _si |
||
| 999 |
_c46654 _d46654 |
||